000 01658nmm a2200481 a 4500
001 ocm0001232001
003 TR-IsHL
005 20201028155707.0
008 150709s2013 tu tur
007 cr cn
020 _a9786055176303
035 _a1232001
_b(N$T)
050 0 4 _aHM251
_b.D29 2013
090 0 4 _aHM251
_b.D29 2013
245 1 0 _aDavranış bilimleri
_h[electronic resource] /
_cFiliz Yaylacı, İlke Yüksel, Ömer Eroğlu, Eylem Şimşek, Hakan Uşaklı, Ferit Ölçer, Mehmet Durdu Karslı, Özkan Yıldız, Ayşen Utanır, Yücel Karadaş, Cahit Aslan, Hülya Yüksel ; ed. Ali Şimşek, Ömer Eroğlu
260 _aKonya :
_bEğitim Akademi Yayınevi,
_c2013
300 _a578 p.
500 _aKaynakçası (bölüm sonlarında) mevcuttur.
_x
650 4 _aSosyoloji
650 4 _aSociology
650 0 _aÖrgütsel davranış
650 0 _aSosyal psikoloji
650 0 _aSosyal etkileşim
650 0 _aOrganizational behavior
650 0 _aSocial psychology
650 0 _aSocial interaction
650 7 _aBUSINESS & ECONOMICS / Organizational Behavior
_2bisacsh
700 1 _aYaylacı, Filiz
700 1 _aYüksel, İlke
700 1 _aEroğlu, Ömer
700 1 _aŞimşek, Eylem
700 1 _aUşaklı, Hakan
700 1 _aÖlçer,Ferit
700 1 _aKarslı, Mehmet Durdu
700 1 _aYıldız, Özkan
700 1 _aUtanır, Ayşe
700 1 _aKaradaş, Yücel
700 1 _aAslan, Cahit
700 1 _aYüksel, Hülya
700 1 _aŞimşek, Ali
700 1 _aEroğlu, Ömer
856 4 0 _uhttp://search.ebscohost.com/login.aspx?direct=true&scope=site&db=e011xww&AN=1232001
999 _c13215
_d13215